Espejismo / (Record no. 143695)

MARC details
000 -LEADER
campo de control de longitud fija 00690nam a22002291 4500
001 - NÚMERO DE CONTROL
campo de control 143695
003 - IDENTIFICADOR DE NÚMERO DE CONTROL
campo de control SpMaBN
005 - FECHA Y HORA DE LA ÚLTIMA TRANSACCIÓN
campo de control 20240926200814.0
008 - DATOS DE LONGITUD FIJA--INFORMACIÓN GENERAL
campo de control de longitud fija 981210s1957 sp spa
016 7# - NÚMERO DE CONTROL DE UNA AGENCIA BIBLIOGRÁFICA NACIONAL
Número de control del registro bimoBNE20000198569
Número de control cancelado/no válido IND9800832770
Fuente SpMaBN
035 ## - NÚMERO DE CONTROL DEL SISTEMA
Número de control de sistema (OCoLC)434268381
040 ## - FUENTE DE CATALOGACIÓN
Centro catalogador/agencia de origen SpMaBN
Lengua de catalogación spa
Centro/agencia transcriptor CDM
080 ## - NÚMERO DE LA CLASIFICACIÓN DECIMAL UNIVERSAL
Número de la Clasificación Decimal Universal 82-311.2"19"
100 ## - ENTRADA PRINCIPAL--NOMBRE DE PERSONA
Nombre de persona Seton, Anya
Fechas asociadas al nombre 1904-1990
Número de control del registro de autoridad o número normalizado XX1120055
9 (RLIN) 227279
245 10 - MENCIÓN DEL TÍTULO
Título Espejismo /
Mención de responsabilidad, etc. Anya Seton
260 ## - PUBLICACIÓN, DISTRIBUCIÓN, ETC.
Lugar de publicación, distribución, etc. Barcelona
Nombre del editor, distribuidor, etc. Luis de Caralt
Fecha de publicación, distribución, etc. [1957]
Fabricante Liminograph
300 ## - DESCRIPCIÓN FÍSICA
Extensión 348 p. ;
Dimensiones 21 cm
490 0# - MENCIÓN DE SERIE
Mención de serie Colección Gigante
650 #0 - PUNTO DE ACCESO ADICIONAL DE MATERIA--TÉRMINO DE MATERIA
9 (RLIN) 227278
Término de materia o nombre geográfico como elemento de entrada Literatura norteamericana
Subdivisión cronológica S. XX
830 ## - PUNTO DE ACCESO ADICIONAL DE SERIE-TÍTULO UNIFORME
9 (RLIN) 181935
Título uniforme Colección gigante
942 ## - ELEMENTOS DE ENTRADA SECUNDARIOS (KOHA)
Fuente del sistema de clasificación o colocación Clasificación decimal universal
Tipo de ítem Koha Libro impreso
Holdings
Estatus retirado Estado de pérdida Estado de daño No para préstamo Biblioteca de origen Biblioteca actual Ubicación en estantería Fecha de adquisición Fuente de adquisición Total de préstamos Signatura topográfica completa Código de barras Visto por última vez Precio de reemplazo Tipo de ítem Koha
        Biblioteca del Ateneo de Madrid Biblioteca del Ateneo de Madrid Sala Palomar 17/01/2008     C-13812 1149501 23/02/2023 23/02/2023 Libro impreso